000 00594cam a2200205 a 4500
003 OSt
005 20141215090654.0
008 010301s2002 njuab b 001 0 eng
010 _a 2001021373
020 _a0-07-825875-8
040 _cBMC
082 _a973
100 1 _928757
_aAppleby, Joyce Oldham
245 0 4 _aThe American journey
_cJoyce Appleby ... [et al.]
260 _aNew York, [etc.]
_bPrentice Hall
_ccop. 2002
300 _a1 v. (pág. var.)
_bil. col. maps
_c28 cm
651 2 4 _aEstados Unidos
_xHistoria
_91264
700 1 _aAppleby, Joyce Oldham
_928757
942 _2ddc
_cBK
999 _c16093
_d16093